Loading...
| Religion | 0 | 3 | 0 | 1 | 30 | 30 | 48.33 | 1 | 3 |
| History - World History | 0 | 2 | 0 | 1 | 20 | 75 | 88.50 | 0 | 0 |
| Current Events | 0 | 2 | 0 | 2 | 20 | 101 | 105.00 | 0 | 1 |
| Pop Culture | 0 | 2 | 0 | 0 | 20 | 32 | 62.00 | 1 | 2 |
| Science - Biology | 0 | 2 | 0 | 1 | 20 | 52 | 73.00 | 0 | 1 |
| Mythology | 0 | 1 | 0 | 1 | 10 | 121 | 121.00 | 0 | 0 |
| Painting/Sculpture | 0 | 1 | 0 | 1 | 10 | 98 | 98.00 | 0 | 1 |
| Literature - World Literature | 0 | 1 | 0 | 0 | 10 | 89 | 89.00 | 0 | 0 |
| Fine Arts - Other Fine Arts | 0 | 1 | 0 | 1 | 10 | 82 | 82.00 | 0 | 1 |
| History - American History | 0 | 1 | 0 | 0 | 10 | 87 | 87.00 | 0 | 0 |
| Literature - American Literature | 0 | 1 | 0 | 1 | 10 | 106 | 106.00 | 0 | 0 |
| Literature - British Literature | 0 | 1 | 0 | 0 | 10 | 111 | 111.00 | 0 | 1 |
| Science - Other Science | 0 | 0 | 1 | 0 | -5 | 0.00 | 0 | 0 |